Yayati: a play translated from the original Kannada by the author (Record no. 120531)

MARC details
000 -LEADER
fixed length control field 00659nam a2200277Ia 4500
008 - FIXED-LENGTH DATA ELEMENTS--GENERAL INFORMATION
fixed length control field 210210b2008 xxu||||| |||| 00| 0 eng d
020 ## - INTERNATIONAL STANDARD BOOK NUMBER
International Standard Book Number 0195692365
041 ## - LANGUAGE CODE
Language code of text/sound track or separate title eng
082 ## - DEWEY DECIMAL CLASSIFICATION NUMBER
Classification number 820.23 KARY
100 ## - MAIN ENTRY--PERSONAL NAME
Personal name Karnad (Girish)
245 ## - TITLE STATEMENT
Title Yayati: a play translated from the original Kannada by the author
260 ## - PUBLICATION, DISTRIBUTION, ETC.
Place of publication, distribution, etc. New Delhi
Name of publisher, distributor, etc. Oxford University Press
Date of publication, distribution, etc. 2008
300 ## - PHYSICAL DESCRIPTION
Extent x,74
650 ## - SUBJECT ADDED ENTRY--TOPICAL TERM
Topical term or geographic name entry element Yayati:
650 ## - SUBJECT ADDED ENTRY--TOPICAL TERM
Topical term or geographic name entry element translated
650 ## - SUBJECT ADDED ENTRY--TOPICAL TERM
Topical term or geographic name entry element the
650 ## - SUBJECT ADDED ENTRY--TOPICAL TERM
Topical term or geographic name entry element play
650 ## - SUBJECT ADDED ENTRY--TOPICAL TERM
Topical term or geographic name entry element original
650 ## - SUBJECT ADDED ENTRY--TOPICAL TERM
Topical term or geographic name entry element Kannada
650 ## - SUBJECT ADDED ENTRY--TOPICAL TERM
Topical term or geographic name entry element from
650 ## - SUBJECT ADDED ENTRY--TOPICAL TERM
Topical term or geographic name entry element by
650 ## - SUBJECT ADDED ENTRY--TOPICAL TERM
Topical term or geographic name entry element author
650 ## - SUBJECT ADDED ENTRY--TOPICAL TERM
Topical term or geographic name entry element a
690 ## - LOCAL SUBJECT ADDED ENTRY--TOPICAL TERM (OCLC, RLIN)
Topical term or geographic name as entry element Indian English Drama
906 ## - LOCAL DATA ELEMENT F, LDF (RLIN)
a 071168
Holdings
Withdrawn status Lost status Damaged status Not for loan Collection code Home library Current library Shelving location Date acquired Source of acquisition Cost, normal purchase price Total Checkouts Full call number Barcode Date last seen Date last checked out Price effective from Koha item type Total Renewals
          St Aloysius Library St Aloysius Library   02/17/2021 Biblios Book Point, Surathkal-575014 210.00 1 820.23 KARY 071170 05/15/2023 02/24/2023 02/17/2021 Book  
          St Aloysius Library St Aloysius Library   02/17/2021 Biblios Book Point, Surathkal-575014 210.00 2 820.23 KARY 071169 04/30/2022 04/19/2022 02/17/2021 Book 1
          St Aloysius Library St Aloysius Library   02/17/2021 Biblios Book Point, Surathkal-575014 210.00 1 820.23 KARY 071168 08/30/2023 08/01/2023 02/17/2021 Book